000
00327pab a2200145 454500
008
180718b1988 xxu||||| |||| 00| 0 eng d
100
_a
Chitta Ranjan, C.N.
245
_a
Media
_b
Fraud crusaders
260
_c
1988
300
_a
11-14
362
_a
9 Jan.
650
_a
Press - India
773
_a
Mainstream
909
_a
16017
999
_c
16017
_d
16017